| 000 | 00805nam a2200193 i 4500 | ||
|---|---|---|---|
| 001 | 61454 | ||
| 003 | ES-MaACL | ||
| 005 | 20251207154730.0 | ||
| 007 | t| | ||
| 008 | 031112s1952 sp ||||1| spa d | ||
| 111 | 0 |
_aExposición de Tapices Franceses _d(1952. _cMadrid) _9682 |
|
| 245 | 1 | 0 |
_aExposición de tapices franceses desde la Edad Media hasta nuestros días _b: salones de la Sociedad Española de Amigos del Arte. |
| 260 |
_aMadrid : _b[s.n., _c1952] ( _fGráfs. Orrier) |
||
| 300 |
_a42 p., 9 lám. : _bil. ; _c21 cm. |
||
| 500 | _aPrecede al tít.: Instituto Francés en España. Asociación Francesa de Acción Artística. | ||
| 710 | 2 |
_aInstituto Francés en España. _bAsociación Francesa de Acción Artística. _95061 |
|
| 852 |
_aES-MaACL _j1934-F-9 _bR.31878 |
||
| 999 |
_c61454 _d61454 |
||